=LDR 00000nam 2200000 4500 =001 INLIS000000000049374 =005 20170213112413.0 =006 =007 =008 =020 ##$$a 978-602-7689-20-14 =035 ##$$0010-021700000000166 =040 ##$$a NBPDMAT =082 ##$$a 499. 227 5 =090 ##$$a 499. 227 5 Jal h .II =100 ##$$a Jalauddin Arzaki =245 ##$$a Hal pengertian tata bahasa sasak jilid II / $c H. Jalaliddin Arzaki editor ; lalu mawardi =260 ##$$a Pringgabaya : $b KSU Primaguna, $c 2014 =300 ##$$a 221 hlm. ; $c 20 cm =650 ##$$a TATA BAHASA SASAK =700 ##$$a Lalu Mawardi =990 ##$$a 224/46/2017 =990 ##$$a 21603391 =990 ##$$a 21603392 =990 ##$$a 21603393 =990 ##$$a 21603394 =990 ##$$a 224/46/2017 =990 ##$$a 224/46/2017 =990 ##$$a 21603391 =990 ##$$a 21603393 =990 ##$$a 21603394 =990 ##$$a 224/46/2017 =990 ##$$a 224/46/2017 =990 ##$$a 21603391 =990 ##$$a 224/46/2017 =990 ##$$a 21603393